La Violencia de género en la ley (Registro nro. 240954)

Detalles MARC
000 -ENCABEZADO
Número de control [NR] 01095nam a2200277Ma 4500
005 - FECHA Y HORA DE LA ÚLTIMA TRANSACCIÓN
control field 20140903175101.0
008 - DE LONGITUD FIJA DE DATOS DE ELEMENTOS - INFORMACIÓN GENERAL
Elementos de longitud fija [NR] 140506s2010 sp fr 000 0 spa d
020 ## - NUMERO INTERNACIONAL NORMALIZADO PARA LIBROS [R]
Número Internacional Normalizado del libro [NR] 8497722981
020 ## - NUMERO INTERNACIONAL NORMALIZADO PARA LIBROS [R]
Número Internacional Normalizado del libro [NR] 9788497722988
040 ## - FUENTE DE CATALOGACION [NR]
Agencia de catalogación original [NR] CO-BoUCM
Idioma de catalogación [NR] spa
Quien Cataloga Jose A. Gerena
Quien Clasifica Jose A. Gerena
041 ## - CODIGO DE IDIOMA [R]
Código de idioma para texto/pista de sonido o título separado [R] Español
245 03 - MENCION DE TITULO [NR]
Título [NR] La Violencia de género en la ley
Parte restante del título [NR] reflexiones sobre veinte años de experiencia en España
Mención de responsabilidad, etc. [NR] Patricia Laurenzo Copello, coordinadora ; Rosa María Álvarez ... [y otros.]
260 ## - PUBLICACION, DISTRIBUCION, ETC. (PIE DE IMPRENTA) [R]
Lugar de publicación, distribución, etc. [R] Madrid (España)
Nombre del editor, distribuidor, etc. [R] Dykinson
Fecha de publicación, distribución, etc. [R] 2010
300 ## - DESCRIPCION FISICA [R]
Extensión [R] 279 páginas
490 ## - MENCION DE SERIE [R]
Mención de serie [R] Ensayos penales
650 #7 - ASIENTO SECUNDARIO DE MATERIA - TERMINO TEMATICO [R]
Término temático o nombre geográfico como elemento de entrada [NR] Delitos contra la mujer
9 (RLIN) 12577
650 #7 - ASIENTO SECUNDARIO DE MATERIA - TERMINO TEMATICO [R]
Término temático o nombre geográfico como elemento de entrada [NR] Violencia contra la mujer
Subdivisión general [R] Aspectos legales
Subdivisión geográfica [R] España
9 (RLIN) 26274
650 #7 - ASIENTO SECUNDARIO DE MATERIA - TERMINO TEMATICO [R]
Término temático o nombre geográfico como elemento de entrada [NR] Violencia conyugal
9 (RLIN) 26276
690 ## - ASUNTO AGREGADO LOCAL DE ENTRADA - TÉRMINO TEMÁTICO (OCLC, RLIN)
9 (RLIN) 42900
Acceso temático local Problemas sociales
700 1# - ASIENTO SECUNDARIO - NOMBRE PERSONAL [R]
Nombre personal [NR] Álvarez, Rosa María
9 (RLIN) 60652
700 1# - ASIENTO SECUNDARIO - NOMBRE PERSONAL [R]
Nombre personal [NR] Laurenzo Copello, Patricia
Término de relación [R] coordinador
9 (RLIN) 60651
700 1# - ASIENTO SECUNDARIO - NOMBRE PERSONAL [R]
Nombre personal [NR] Machado Ruiz, María Dolores
9 (RLIN) 60653
700 1# - ASIENTO SECUNDARIO - NOMBRE PERSONAL [R]
Nombre personal [NR] Maqueda Abreu, María Luisa
9 (RLIN) 60654
942 ## - ELEMENTOS DE ENTRADA AGREGADOS (KOHA)
Tema principal Sociología
Tipo de ítem principal el descrito en 300a Libro
Edición 1
Parte restante de la signatura top. V795r
Sistema de clasificación DEWEY
Clasificación 362.8292
Existencias
Fecha de último préstamo Total préstamos Signatura topográfica Código de barras Última vez visto Ejemplar Costo de reposición Price effective from Tipo de ítem Perdido Sistema de clasificación Dañado No prestable Tipo de ítem específico Suprimido Ubicación habitual Ubicación actual Localización Fecha de creación Proveedor Forma de adquisición Costo
28/01/2015 1 362.8292 V795r 100141702 09/12/2025 Ej.1 63450.00 06/05/2014 Libro   DEWEY     Libro   Claustro Claustro 2do piso 06/05/2014 15 Compra 63450.00